Tomb of Sand: (Record no. 192822)
[ view plain ]
| 000 -LEADER | |
|---|---|
| fixed length control field | 00662nam a22001697a 4500 |
| 005 - DATE AND TIME OF LATEST TRANSACTION | |
| control field | 20221010105011.0 |
| 010 ## - LCCN (DPL NO) | |
| LC control number | RP B-745772 |
| 020 ## - INTERNATIONAL STANDARD BOOK NUMBER | |
| Terms of availability | 999.00 |
| International Standard Book Number | 9780670097296 |
| 035 ## - SYSTEM CONTROL NUMBER | |
| System control number | B-745772 |
| 037 ## - SOURCE OF ACQUISITION | |
| Source of stock number/acquisition | Penguin |
| 245 ## - TITLE STATEMENT | |
| Title | Tomb of Sand: |
| Remainder of title | Translated by Daisy Rockwell |
| Statement of responsibility, etc | Geetanjali Shree/ |
| 260 ## - PUBLICATION, DISTRIBUTION, ETC. (IMPRINT) | |
| Place of publication, distribution, etc | Haryana |
| Name of publisher, distributor, etc | Penguin |
| Date of publication, distribution, etc | 2020 |
| 270 ## - ADDRESS | |
| Address | 4th Floor, Capital Tower1, MG Road Gurugram |
| City | Haryana |
| Postal code | 122002 |
| 300 ## - PHYSICAL DESCRIPTION | |
| Extent | 725p. |
| Dimensions | 22cm(hbk) |
| 942 ## - ADDED ENTRY ELEMENTS (KOHA) | |
| Source of classification or shelving scheme | Dewey Decimal Classification |
| Item type | English Books |
| Call number suffix | ROC |
| Classification part | 891.43371 |
| Withdrawn status | Lost status | Not for loan | Collection code | Home library | Current library | Date acquired | Source of acquisition | Cost, normal purchase price | Full call number | Barcode | Copy number | Cost, replacement price | Koha item type |
|---|---|---|---|---|---|---|---|---|---|---|---|---|---|
| Non-fiction | Kasturba Gandhi Marg | Kasturba Gandhi Marg | 10/10/2022 | Aksharesh Enterprises/RP/095/20.09.22/92/01.9.22/23.9.22 | 999.00 | 891.43371 ROC | B-745772 | 1 | 999.00 | English Books |
